Churchill 1940-1945 : under friendly fire /

"In April 1945 Churchill said to Sir Alan Brooke, Chief of the Imperial General Staff, 'There is only one thing worse than fighting with allies, and that is fighting without them!' When he became Prime Minister on 10 May 1940 Churchill was without allies. Dunkirk and the Battle of Bri...

Full description

Saved in:
Bibliographic Details
Main Author: Reid, Walter, 1944-
Format: Book
Language:English
Published: Edinburgh : Birlinn, 2008.
Subjects:
Tags: Add Tag
No Tags, Be the first to tag this record!
LEADER 02570cam a2200313 a 4500
001 011761870-5
005 20090312182628.0
008 080819s2008 stkabf b 001 0 eng
015 |a GBA8A3578  |2 bnb 
016 7 |a 014702718  |2 Uk 
020 |a 9781843410447 (hbk.) 
020 |a 1843410443 (hbk.) 
035 0 |a ocn244653639 
040 |a UKM  |c UKM  |d YDXCP  |d BWKUK  |d BWK  |d CDX  |d OCLCA 
043 |a e-uk--- 
050 4 |a D750  |b .R45 2008 
082 0 4 |a 940.532241  |2 22 
100 1 |a Reid, Walter,  |d 1944- 
245 1 0 |a Churchill 1940-1945 :  |b under friendly fire /  |c Walter Reid. 
260 |a Edinburgh :  |b Birlinn,  |c 2008. 
300 |a xii, 402 p.. [16] p. of plates :  |b ill., maps ;  |c 25 cm. 
504 |a Includes bibliographical references (p. [365]-388) and index. 
520 1 |a "In April 1945 Churchill said to Sir Alan Brooke, Chief of the Imperial General Staff, 'There is only one thing worse than fighting with allies, and that is fighting without them!' When he became Prime Minister on 10 May 1940 Churchill was without allies. Dunkirk and the Battle of Britain saved Britain from immediate defeat, but it was evident that Britain alone could never win the war." "Churchill looked to America. He said that until Pearl Harbor 'no lover ever studied every whim of his mistress as I did those of President Roosevelt'. But would Roosevelt have entered the war if Pearl Harbor had not taken place? Until then his actions were ambivalent, and even afterwards America's policy was largely shaped by self-interest and her idea of what a post-war world should be like. Lend-Lease, for instance, was far from what Churchill publicly described as 'the most unsordid act in the history of any nation', but rather a tool of American policy. Churchill's account of relations with his allies and associates was sanitised for the historical record and has been accepted uncritically. In reality he had to battle with the generals and the CIGS, Tory backbenchers and the War Cabinet, de Gaulle and the Free French and - above all - the Americans. Even his wife, Clementine, could on occasions be remarkably unsupportive. He told his secretary, 'The difficulty is not in winning the war; it is in persuading people to let you win it - persuading fools'."--BOOK JACKET. 
600 1 0 |a Churchill, Winston,  |d 1874-1965. 
650 0 |a World War, 1939-1945  |x Diplomatic history. 
651 0 |a Great Britain  |x Foreign relations  |y 1936-1945. 
776 0 8 |i Online version:  |a Reid, Walter, 1944-  |t Churchill 1940-1945.  |d Edinburgh : Birlinn, 2008  |w (OCoLC)647283721 
988 |a 20081206 
906 |0 OCLC